Research techniques in nondestructive testing (Record no. 65372)

000 -LEADER
fixed length control field 00447nam a22001697a 4500
003 - CONTROL NUMBER IDENTIFIER
control field NUST - PNEC
005 - DATE AND TIME OF LATEST TRANSACTION
control field 20170116180914.0
008 - FIXED-LENGTH DATA ELEMENTS--GENERAL INFORMATION
fixed length control field 150903b xxu||||| |||| 00| 0 eng d
020 ## - INTERNATIONAL STANDARD BOOK NUMBER
International Standard Book Number 0126390533
040 ## - CATALOGING SOURCE
Transcribing agency LIBRARY
082 ## - DEWEY DECIMAL CLASSIFICATION NUMBER
Classification number 620.1127 SHA
100 ## - MAIN ENTRY--PERSONAL NAME
9 (RLIN) 7264
Personal name Sharpe, R. S.
245 ## - TITLE STATEMENT
Title Research techniques in nondestructive testing
Statement of responsibility, etc. R. S. Sharpe
260 ## - PUBLICATION, DISTRIBUTION, ETC.
Date of publication, distribution, etc. c.1977
650 ## - SUBJECT ADDED ENTRY--TOPICAL TERM
9 (RLIN) 7270
Topical term or geographic name entry element Nondestructive testing
General subdivision ME
942 ## - ADDED ENTRY ELEMENTS (KOHA)
Source of classification or shelving scheme
Koha item type Book
Holdings
Withdrawn status Lost status Source of classification or shelving scheme Damaged status Not for loan Permanent Location Current Location Shelving location Date acquired Total Checkouts Full call number Barcode Date last seen Date last checked out Price effective from Koha item type
          Pakistan Navy Engineering College (PNEC) Pakistan Navy Engineering College (PNEC)     1 620.1127 SHA PNECLIB-008890 09/08/2016 09/01/2016   Book
© 2023 Central Library, National University of Sciences and Technology. All Rights Reserved.